000 01429nam a2200337 c 4500
999 _c160298
_d160298
003 BLK
005 20220518133756.0
008 180410b bul|||||r ||||||| ||bul||
010 _aKNG00167507000
040 _aBLK
041 _aBUL
_cBUL
080 _aПсихология
_b159.9
_z159.9
100 1 _aКасъмжанов, Агин Хайрулович
_eпърви автор
_977525
139 _aКасъмжанов, Агин Хайрулович и др.
_bК 45
245 1 0 _aЗа културата на мисленето
_cАгин Хайрулович Касъмжанов; съавт. Акилбек Жолмухаметович Келбуганов; прев. от рус. Елена Матева.
257 _aSUN
260 _bПолитиздат
_c1983
_aСофия
300 _a112 с.
_c20 см
380 _a1
500 _aОриг. загл. О культуре мышления. - Библиогр. под линия. - 3 110 тир.
650 4 _aМислене - психология
_9251239
653 _aмислене
653 _aпсихология
700 1 _aКелбуганов, Акилбек Жолмухаметович
_eсъавт.
_978039
700 1 _aМатева, Елена
_eпрев. от рус.
_9368764
852 _aЦб 119608
856 4 _qpdf
856 4 _qpdf
942 _cKNG
_n0
_s1
944 _aCR
_c21.11.2014
_kКамелия_Данева
944 _aED
_c21.11.2014
_kКамелия_Данева
999 _d160298